| 000 | 00408nam a22001577a 4500 | ||
|---|---|---|---|
| 003 | CEME | ||
| 005 | 20210628203803.0 | ||
| 008 | 210310b xxu||||| |||| 00| 0 eng d | ||
| 040 | _c. | ||
| 082 | _a515.63 BOR'V | ||
| 100 |
_aTarapov, L. E, Borisenko, A. I _967307 |
||
| 245 | _aVector and tensor analysis with applications | ||
| 260 |
_aNEWYORK _bPRENTICE HALL _c1998 |
||
| 300 | _a257P | ||
| 942 |
_cBK _2ddc |
||
| 999 |
_c575119 _d575119 |
||